00747 a2200181 4500003000400000005001700004008004100021020001800062040000900080082001900089100002900108245019700137260002700334300000900361942004400370952013400414999001700548OSt20231109104903.0231109b |||||||| |||| 00| 0 eng d a9789392455230 coclc a954.904bRAZ/W aRaza Khan, Mohamad99876 aWhat Price Freedom : a historical survey of the significant political upheavals, which led to the birth of India and Pakistan and the turbulent two decades post-partition /cMOHAMED RAZA KHAN aKerala:bGrace,c2023. a558p 2ddccBKh954.904iRAZ/Wk954.904mRAZ/W 00102ddc40708HISTORYaMESbMEScISLd2024-01-06l0o954.904 RAZ/Wp44494r2024-01-06 13:38:42v700.00w2024-01-06yBKzGL44R4 c42978d42978